The enclosure of ocean resources : Economics and the law of the sea

This book provides a comprehensive introduction to the economic uses of oceanic resources, the rights to exploit them and the division of the economic rents, or surpluses, between, at one level, sovereign powers, and at another between individual users that use ocean space.Oceanic resources are dive...

Descripción completa

Guardado en:
Detalles Bibliográficos
Autor principal: Eckert, Ross D.
Formato: Libro
Lenguaje:Undetermined
Publicado: Standford, CA Hoover Institute Press 1979
Materias:
Etiquetas: Agregar Etiqueta
Sin Etiquetas, Sea el primero en etiquetar este registro!
Thư viện lưu trữ: Trung tâm Học liệu Trường Đại học Cần Thơ
LEADER 01139nam a2200205Ia 4500
001 CTU_219255
008 210402s9999 xx 000 0 und d
082 |a 333.9164 
082 |b E19 
100 |a Eckert, Ross D. 
245 4 |a The enclosure of ocean resources : 
245 0 |b Economics and the law of the sea 
245 0 |c Ross D. Eckert 
260 |a Standford, CA 
260 |b Hoover Institute Press 
260 |c 1979 
520 |a This book provides a comprehensive introduction to the economic uses of oceanic resources, the rights to exploit them and the division of the economic rents, or surpluses, between, at one level, sovereign powers, and at another between individual users that use ocean space.Oceanic resources are diverse. Offshore oil deposits are the most valuable oceanic resource measured by the dollar value of annual production but other mineral resources including manganese, shale and sand are also important along with marine mammal resources, fisheries and sea birds. 
650 |a Marine resources,Tài nguyên biển 
904 |i Trúc 
980 |a Trung tâm Học liệu Trường Đại học Cần Thơ